000 00428nam a22001697a 4500
005 20200316112457.0
008 200316b xxu||||| |||| 00| 0 eng d
020 _a9789386217684
041 _aeng
100 _aMAGAZINE, RANJAN
_95197
245 _aUS FDA AND OTHER INTERNATIONAL DRUGS AND COSMETICS ACTS
250 _a1st , 2017
260 _aDELHI
_bCBS
_c2017
300 _a191p,
650 _aPHARMACY
_95199
942 _cBK
999 _c6109
_d6107